| 000 | 00394nam a2200145Ia 4500 | ||
|---|---|---|---|
| 008 | 230312s9999||||xx |||||||||||||| ||und|| | ||
| 020 | _a9781138297432 | ||
| 082 |
_a005.1 _bUNH-S |
||
| 100 | _aAndrews,Jean | ||
| 245 | 0 | _aA+ Guide To Software Managing,Maintaining,And Troubleshooting | |
| 260 |
_bCRC Press _aU.S _c2018 |
||
| 300 | _a389 | ||
| 650 |
_aComputer _vComputer Software |
||
| 942 | _cBK | ||
| 999 |
_c17088 _d17088 |
||